000 00726cam a2200229u 4500
001 9310081
003 OSt
005 20230627111300.0
008 820225s1952 enka 000 0 eng
010 _a 52001980
040 _aDLC
_cCarP
_dDLC
043 _ae-uk---
082 _a336.42
_bCHU
100 1 _aChubb, Basil. [from old catalog]
245 1 4 _aThe control of public expenditure;
260 _aOxford,
_bClarendon Press,
_c1952.
300 _avii, 291 p.
_bdiagrs.
_c23 cm.
610 1 0 _aGreat Britain.
_bParliament.
_bHouse of Commons.
_bSelect Committee of Public Accounts. [from old catalog]
650 0 _aFinance, Public
_zGreat Britain.
906 _a0
_bcbc
_cpremunv
_du
_encip
_f19
_gy-gencatlg
942 _2ddc
_cBK
999 _c2816
_d2816